| 000 | 00633nam a2200241Ia 4500 | ||
|---|---|---|---|
| 003 | OSt | ||
| 005 | 20221005121515.0 | ||
| 006 | a|||||r|||| 00| 0 | ||
| 007 | ta | ||
| 008 | 221004b |||||||| |||| 00| 0 hin d | ||
| 024 | _a35077 | ||
| 037 | _cTextual | ||
| 040 |
_aCRL _cCRL _bhin |
||
| 041 |
_2hin _ahin |
||
| 082 | _aZQ2z7, 152G.1-.2 | ||
| 100 | _aJha Ganganatha | ||
| 245 | 0 | _aHindu law in its sources | |
| 260 | _c1931 | ||
| 490 | _a(Patna University :Ramdin-readership-lecture,s 1928-1929). | ||
| 650 | _aLAW | ||
| 942 |
_hZQ2z7, 152G.1-.2 _cTEXL _2cc |
||
| 999 |
_c1041330 _d1041330 |
||